[Event "Challenge"]
[Site "http://www.queenalice.com/game.php?id=1057903"]
[Date "2012.5.9"]
[Round "-"]
[White "Erwan"]
[Black "knightvision"]
[Result "0-1"]
[WhiteElo "1178"]
[BlackElo "1292"]

1. e4 e5 2. Bc4 Nf6 3. g4 Qe7 4. g5 Nxe4 5. d3 Nc5 6. Nf3 g6 7. Qe2 Bg7 8. Be3
O-O 9. b4 Na4 10. Nh4 Qxb4+ 11. Nd2 Qb2 12. Qd1 Nc3 0-1

[Event "Challenge"]
[Site "http://www.queenalice.com/game.php?id=1057904"]
[Date "2012.5.9"]
[Round "-"]
[White "Erwan"]
[Black "knightvision"]
[Result "0-1"]
[WhiteElo "1178"]
[BlackElo "1349"]

1. e4 e5 2. Bc4 Qe7 3. Qh5 g6 4. Qg4 Nc6 5. Nf3 d6 6. Ng5 Bxg4 7. Nxf7 Qxf7 8.
Bxf7+ Kxf7 9. f3 Bd7 10. Nc3 Nge7 11. Nb5 a6 0-1

[Event "AUTO-BEG-540"]
[Site "http://www.queenalice.com/game.php?id=1058265"]
[Date "2012.5.10"]
[Round "1"]
[White "rodrigues"]
[Black "Erwan"]
[Result "1-0"]
[WhiteElo "1117"]
[BlackElo "1219"]

1. e4 e5 2. Nf3 Nc6 3. g3 Nf6 4. d3 Bb4+ 5. c3 Bc5 6. Bg5 Ng4 7. Bxd8 Nxf2 8.
Qe2 Nxh1 9. Bxc7 Nxg3 10. hxg3 f5 11. exf5 O-O 12. Qc2 Rxf5 13. Qb3+ Kf8 14. Bg2
a5 15. Bh3 Rxf3 16. Bg2 Rxd3 17. Qc2 Rxg3 18. Qf5+ Ke7 19. Bxc6 dxc6 20. Qxe5+
Be6 21. Qxc5+ Kf6 22. Bxg3 Rd8 23. Qf2+ Bf5 24. Nd2 Re8+ 25. Kf1 Kg6 26. Nf3 Rd8
27. Nh4+ Kg5 28. Nxf5 h5 29. Nxg7 Rg8 30. Ne6+ Kg4 31. Kg2 Rh8 32. Qd4+ Kf5 33.
Re1 Re8 34. Re5+ Kg6 35. Nf4+ Kf6 36. Rxe8+ Kf7 37. Qh8 h4 38. Bxh4 c5 39. Rf8#
1-0

[Event "AUTO-BEG-540"]
[Site "http://www.queenalice.com/game.php?id=1058266"]
[Date "2012.5.10"]
[Round "1"]
[White "Erwan"]
[Black "rodrigues"]
[Result "0-1"]
[WhiteElo "1199"]
[BlackElo "1204"]

1. e4 e5 2. Bc4 Nf6 3. g4 d6 4. g5 Nxe4 5. Qh5 g6 6. Qf3 f5 7. Qd3 Qxg5 8. Qd5
c6 9. Qf7+ Kd8 10. Be6 Qe7 11. Bc4 Qxf7 12. Bxf7 d5 13. d3 Nf6 14. Nf3 Ke7 15.
Ng5 Bh6 16. Ne6 Bxe6 17. Bxe6 Kxe6 18. Bxh6 Ng8 19. Bg7 Ne7 20. Bh6 Ng8 21. Bg7
Ne7 22. Bxh8 Nd7 23. Nd2 Rxh8 24. Nb3 f4 25. Na5 b6 26. Nb3 Nf5 27. a4 Nh4 28.
a5 Nf3+ 29. Ke2 Nh4 30. axb6 f3+ 31. Kd2 axb6 32. Ra7 Nf6 33. Ra6 Nd7 34. d4 Nb8
35. Rxb6 Rc8 36. Nc5+ Kd6 37. Rg1 exd4 38. Rg4 Kxc5 39. Rxh4 Kxb6 40. Rxh7 Re8
41. h4 Re2+ 42. Kd3 c5 43. c4 dxc4+ 44. Kxc4 Rc2+ 45. Kb3 d3 46. Ka4 d2 0-1

[Event "AUTO-BEG-540"]
[Site "http://www.queenalice.com/game.php?id=1058279"]
[Date "2012.5.10"]
[Round "1"]
[White "TorresR"]
[Black "Erwan"]
[Result "1-0"]
[WhiteElo "1520"]
[BlackElo "1206"]

1. e4 e5 2. f4 Bc5 3. Nf3 Nf6 4. fxe5 Nxe4 5. Bc4 Nf2 6. Qe2 Nxh1 7. d4 Bb4+ 8.
c3 Be7 9. e6 d5 10. exf7+ Kxf7 11. Ne5+ Ke6 12. Nc6+ Kf6 13. Nxd8 Bxd8 14. Qe5+
Kg6 15. Bxd5 Bf6 16. Qxc7 Na6 17. Be4+ Kh5 18. Qf7+ g6 19. Qxf6 Re8 20. Qg5# 1-0

[Event "AUTO-BEG-540"]
[Site "http://www.queenalice.com/game.php?id=1058280"]
[Date "2012.5.10"]
[Round "1"]
[White "Erwan"]
[Black "TorresR"]
[Result "1-0"]
[WhiteElo "1178"]
[BlackElo "1472"]

1. e4 e5 2. Bc4 c6 3. Qf3 Nf6 4. g4 d5 5. exd5 cxd5 6. Bb5+ Bd7 7. c4 a6 8. g5
Ne4 9. Nh3 axb5 10. d3 Nxg5 11. Nxg5 dxc4 12. Qxf7# 1-0

[Event "AUTO-BEG-540"]
[Site "http://www.queenalice.com/game.php?id=1058289"]
[Date "2012.5.10"]
[Round "1"]
[White "Erwan"]
[Black "belzinha"]
[Result "0-1"]
[WhiteElo "1231"]
[BlackElo "1331"]

1. e4 e5 2. Bc4 Nf6 3. Qf3 Nc6 4. g4 Nd4 5. Qd3 d5 6. exd5 Bxg4 7. Bb5+ c6 8.
Ba4 Nxd5 9. Qg3 Qg5 10. Na3 Bxa3 11. c4 Nb4 12. h4 Qf5 13. bxa3 Nbc2+ 14. Bxc2
Nxc2+ 15. Kf1 Nxa1 16. Bb2 Qb1+ 17. Kg2 Qe4+ 18. f3 Qc2 19. Qxe5+ Be6 20. Qxg7
Qxd2+ 21. Kg3 O-O-O 22. Qf6 Rhg8+ 23. Qg5 Rxg5+ 24. hxg5 Qxg5+ 25. Kf2 Rd2+ 26.
Ke1 Qe3+ 27. Kf1 Qf2# 0-1

[Event "AUTO-BEG-540"]
[Site "http://www.queenalice.com/game.php?id=1058290"]
[Date "2012.5.10"]
[Round "1"]
[White "belzinha"]
[Black "Erwan"]
[Result "1-0"]
[WhiteElo "1325"]
[BlackElo "1222"]

1. e4 e5 2. Nf3 Bb4 3. Bc4 Nf6 4. Nxe5 Nxe4 5. Nxf7 Qh4 6. Qe2 Nc6 7. Nxh8 Qg5
8. Bf7+ Kf8 9. Qxe4 Ne7 10. Nc3 d5 11. Qf3 d4 12. Ne4 Nf5 13. Nxg5 d3 14. Nxh7+
Ke7 15. Qe4+ Kd6 16. Qxd3+ Ke5 17. Qb5+ Kd4 18. Qxb4+ Ke5 19. f4# 1-0

[Event "Challenge"]
[Site "http://www.queenalice.com/game.php?id=1084353"]
[Date "2012.7.19"]
[Round "-"]
[White "Rogerio11"]
[Black "Erwan"]
[Result "0-1"]
[WhiteElo "1309"]
[BlackElo "1183"]

1. e4 e5 2. Bc4 Bc5 3. Qf3 Qg5 4. Qxf7+ Kd8 5. Nh3 Qh4 6. Qxg7 d5 7. Qxh8 Bxh3
8. Qxg8+ Ke7 9. Bxd5 Qxf2+ 10. Kd1 Nd7 11. Qxh7+ Kf6 12. Qf7+ Kg5 13. Bxb7 Bg4+
14. Qf3 Bxf3+ 15. gxf3 Bb4 16. Bxa8 Qg2 17. Re1 Qxf3+ 18. Re2 Bc5 19. d3+ Kg4
20. Nd2 Qh1+ 21. Re1 Qxh2 22. Nb3 Bf2 23. Nd2 Qg3 24. c4 Bxe1 25. Nb3 Bf2 26.
Bd5 Be3 27. Bxe3 Qxe3 28. Kc2 Qe2+ 29. Nd2 Nc5 30. b4 Nxd3 31. Be6+ Kf4 32. c5
Nxb4+ 33. Kc3 Na6 34. c6 Nc5 35. Rf1+ Kg5 0-1